New directions in psychological anthropology

Αποθηκεύτηκε σε:
Λεπτομέρειες βιβλιογραφικής εγγραφής
Άλλοι συγγραφείς: Schwartz, Theodore (Επιμελητής έκδοσης), White, Geoffrey M. (Επιμελητής έκδοσης), Lutz, Catherine (Επιμελητής έκδοσης)
Μορφή: Βιβλίο
Γλώσσα:English
Δημοσίευση: Cambridge : Cambridge University Press, 1992
Σειρά:Publications of the Society for Psychological Anthropology ; ; 3
Θέματα:
Ετικέτες: Προσθήκη ετικέτας
Δεν υπάρχουν, Καταχωρήστε ετικέτα πρώτοι!

MARC

LEADER 00000cam a2200000 i 4500
001 1/2027
008 950807s1992 eng d
020 |a 0-521-42609-X 
035 |l 10014669 
040 |a GR-MY-UA  |b gre  |e aacr 
041 0 |a eng 
082 0 |a 155.8 
245 1 0 |a New directions in psychological anthropology /  |c Edited by Theodore Schwartz, Geoffrey M. White, Catherine A. Lutz 
260 |a Cambridge :   |b Cambridge University Press,   |c 1992 
300 |a x, 352 p.;  |c 24 cm 
490 1 |a Publications of the Society for Psychological Anthropology  |v ; 3 
504 |a Includes bibliographical references and index  
650 0 0 |a Ethnopsychology. 
700 1 |a Schwartz, Theodore.  |4 edt 
700 1 |a White, Geoffrey M.  |4 edt 
700 1 |a Lutz, Catherine.  |4 edt 
830 0 |a Publications of the Society for Psychological Anthropology ;  |v ; 3 
852 |a INST  |b LESVOS  |e 19950807  |h 155.8 NEW  |p 005100007515  |q 005100007515  |t BK  |y 0 
909 |a Λ  |b 028754